000 00318nam a22001217a 4500
020 _a0-89435-103-6
082 _a005.74 GOR'M
100 _aGORMAN, MICHAEL M
_936848
245 _aMANAGING DATABASE , FOUR CRITICAL FACTORS
260 _aWELLESLEY
_bQED INFORMATION SCIENCES
_c1984
300 _aXII, 243P
942 _cBK
999 _c573990
_d573990